| 000 | 00442nam a2200181Ia 4500 | ||
|---|---|---|---|
| 003 | 0100 | ||
| 008 | 130303s9999 xx 000 0 und d | ||
| 040 | _cARRUPELIB | ||
| 050 | _aKT3709.Z5H381991 | ||
| 100 | _aHatchard, John | ||
| 245 | _aIndividual Freedoms and State Security in the African Context | ||
| 245 | _bThe Case of Zimbabwe | ||
| 260 | _aHarare | ||
| 260 | _bBaobab Books | ||
| 260 | _C1991 | ||
| 300 | _a209p | ||
| 942 | 0 | 0 | _01 |
| 999 |
_c20149 _d20149 |
||